00337nam a2200109Ia 450000500170000000800410001710000200005824500760007826000460015430000110020065000160021120260328104330.0260328s9999||||xx |||||||||||||| ||und|| aAlemán, Laura 0aDe los Campos, Puente, Tournier :b Obras y Proyectos /cLaura Alemán bInstituto de historia de la arquitectura  a373 p. aARQUITECTOS